000 01387nam a2200325 c 4500
999 _c195071
_d195071
003 BLK
005 20200424130121.0
008 180411b bul|||||r ||||||| ||bul||
010 _aKNG00204308000
040 _aBLK
041 _aBUL
_cBUL
072 7 _2bullib
_aА
_xФонд Михаил Арнаудов
072 7 _2bullib
_aЯ
_xАвтографи
080 _aБългарска литература
_b821.163.2
_x-32
_z821.163.2-32
100 1 _aГълъбов, Константин Спасов
_eпърви автор
_9373188
139 _aГълъбов, Константин Спасов
_bГ 96
245 1 0 _aПътеката на мравките
_bПовест
_cКонстантин Спасов Гълъбов.
257 _aBGR
260 _bФакел
_c1929
_fСофия : Художник
300 _a96 с.
_c19 см
380 _aX
490 _9396381
_aЧастна колекция - Академик Михаил Арнаудов
_gДарение - Основен фонд
500 _aФонд Михаил Арнаудов - Автограф с текст: На г. Проф. Д-р М. Арнаудов от К-Балабанов София,22. 2. 1929 (инв. № 590653). - Мека подв., неразрязана (инв. № 588641)
659 _aА
659 _aЯ
852 _aЦб 8.180.4128
852 _aМА 1255
_bМА
856 4 _qpdf
856 4 _qpdf
942 _cKNG
_n0
_s1
944 _aCR
_c03.04.2017
_kГеновева_Генчева
944 _aED
_c03.04.2017
_kГеновева_Генчева
999 _d195071
999 _d195071
999 _d195071